Valencia CF Squad 2022-2023 - Statistics

General Stats
  • This quiz has been taken 195 times
    70 since last reset
  • The average score is 22 of 28
Answer Stats
# Position Nation Player % Correct
25 GK Georgia Giorgi Mamardashvili
96%
14 DF Spain José Gayà
96%
5 DF Brazil Gabriel Paulista
91%
19 FW Spain Hugo Duro
91%
23 GK Spain Jaume Doménech
91%
7 FW Uruguay Edinson Cavani
87%
24 DF Switzerland Eray Cömert
87%
8 MF Guinea Ilaix Moriba
87%
- Coach Spain Rubén Baraja
87%
2 DF Portugal Thierry Correia
87%
4 MF United States Yunus Musah
87%
18 MF Portugal André Almeida
83%
20 DF Guadeloupe Dimitri Foulquier
83%
9 FW Netherlands Justin Kluivert
83%
12 DF Guinea Mouctar Diakhaby
83%
33 DF Spain Cristhian Mosquera
78%
- Coach Italy Gennaro Gattuso
78%
16 FW Brazil Samuel Lino
78%
15 DF Turkey Cenk Özkacar
74%
13 GK Spain Cristian Rivero
74%
6 MF Spain Hugo Guillamón
74%
21 DF Spain Jesús Vázquez
70%
17 MF Spain Nico González
70%
22 FW Brazil Marcos André
65%
- Coach Spain Voro
65%
1 GK Spain Iago Herrerín
61%
3 DF Spain Toni Lato
61%
11 FW Spain Samu Castillejo
57%
No matching quizzes found
Score Distribution
Percent of People with Each Score
Percentile by Number Answered
Your Score History
You have not taken this quiz since the last reset